| 000 | 00623nam a2200205 a 4500 | ||
|---|---|---|---|
| 005 | 20140310183603.0 | ||
| 008 | 120718s19uu xx 00 eng d | ||
| 020 | _a013246988 | ||
| 050 |
_aPE 1128 _b.Sa2757T3 2011 |
||
| 100 | _aSaslow, Joan | ||
| 245 |
_aTop notch 3 : _benglish for today's world./ |
||
| 250 | _a2nd | ||
| 260 |
_aNew York : _bPearson Education, _cc2011. |
||
| 300 |
_axi, 150 p. : _bcol. ill. ; _c26 cm. |
||
| 650 |
_aEnglish language _xTextbook for foreign speakers |
||
| 650 |
_aEnglish language _xProblems, exercises, etc. |
||
| 700 | _aAscher, Allen | ||
| 942 |
_cBK _2lcc _kFOR |
||
| 999 |
_c25126 _d25126 |
||